Textbook of electronics. II PUC (Record no. 100282)
[ view plain ]
| 000 -LEADER | |
|---|---|
| fixed length control field | 00486nam a2200217Ia 4500 |
| 008 - FIXED-LENGTH DATA ELEMENTS--GENERAL INFORMATION | |
| fixed length control field | 210210b1996 xxu||||| |||| 00| 0 eng d |
| 082 ## - DEWEY DECIMAL CLASSIFICATION NUMBER | |
| Classification number | 621.381 CRAT |
| 100 ## - MAIN ENTRY--PERSONAL NAME | |
| Personal name | CRASTA (F M J) |
| 245 ## - TITLE STATEMENT | |
| Title | Textbook of electronics. II PUC |
| 250 ## - EDITION STATEMENT | |
| Edition statement | |
| 260 ## - PUBLICATION, DISTRIBUTION, ETC. | |
| Place of publication, distribution, etc. | Bangalore. |
| Name of publisher, distributor, etc. | |
| Date of publication, distribution, etc. | 1996 |
| 300 ## - PHYSICAL DESCRIPTION | |
| Extent | 258 |
| 650 ## - SUBJECT ADDED ENTRY--TOPICAL TERM | |
| Topical term or geographic name entry element | Textbook |
| 650 ## - SUBJECT ADDED ENTRY--TOPICAL TERM | |
| Topical term or geographic name entry element | PUC |
| 650 ## - SUBJECT ADDED ENTRY--TOPICAL TERM | |
| Topical term or geographic name entry element | of |
| 650 ## - SUBJECT ADDED ENTRY--TOPICAL TERM | |
| Topical term or geographic name entry element | II |
| 650 ## - SUBJECT ADDED ENTRY--TOPICAL TERM | |
| Topical term or geographic name entry element | electronics. |
| 690 ## - LOCAL SUBJECT ADDED ENTRY--TOPICAL TERM (OCLC, RLIN) | |
| Topical term or geographic name as entry element | Electronics |
| 700 ## - ADDED ENTRY--PERSONAL NAME | |
| Personal name | RAO (D Sudhakar). |
| 906 ## - LOCAL DATA ELEMENT F, LDF (RLIN) | |
| a | 051964 |
| Withdrawn status | Lost status | Damaged status | Not for loan | Collection code | Home library | Current library | Shelving location | Date acquired | Cost, normal purchase price | Total Checkouts | Full call number | Barcode | Date last seen | Price effective from | Koha item type |
|---|---|---|---|---|---|---|---|---|---|---|---|---|---|---|---|
| Discarded | St Aloysius Library | St Aloysius Library | 02/17/2021 | 65.00 | 621.381 CRAT | 051964 | 02/17/2021 | 02/17/2021 | Book |